000 00861cam a2200241 a 4500
001 12070810
005 20180104072045.0
008 000622s2001 enk b 001 0 eng
010 _a 00057492
020 _a0195126327 (alk. paper)
040 _aDLC
_cDLC
_dDLC
041 _aeng
043 _an-us---
080 _a347.73260264 DIC
082 0 0 _a347.73260264 DIC
_221
100 _a14
101 _aJUR
245 0 4 _aThe Supreme Court in conference, 1940-1985 :
_cedited by Del Dickson.
504 _aIncludes bibliographical references (p. 893-905) and index.
906 _a7
_bcbc
_corignew
_d1
_eocip
_f20
_gy-gencatlg
942 _2ddc
_cBK
999 _c39716
_d39716